000 00271nam a22001217a 4500
008 170131b xxu||||| |||| 00| 0 eng d
041 _aeng
080 _22nd
_a61
100 _a3
101 _aSHMI
245 _aFIRST AID FOR THE NCLEX-RN
_cANDERSON, D.L
942 _2udc
_cBK
999 _c4094
_d4094